[Event "GER-chT U12 Girls"]
[Site "Magdeburg"]
[Date "2023.12.29"]
[Round "5.10"]
[White "Sauermann, Paula"]
[Black "Strahl, Nele"]
[Result "0-1"]
[WhiteElo "754"]
[BlackElo "783"]
[PlyCount "62"]
[EventDate "2023.12.26"]
[EventType "team-swiss"]
[EventRounds "7"]
[EventCountry "GER"]
[SourceTitle "CB03_2024"]
[SourceDate "2024.01.17"]
[SourceVersion "1"]
[SourceVersionDate "2024.01.17"]
[SourceQuality "1"]
[WhiteTeam "Oberland"]
[BlackTeam "Graefenhainichen"]
[WhiteTeamCountry "GER"]
[BlackTeamCountry "GER"]

1. e4 d6 2. d3 e5 3. Nf3 Nc6 4. Bg5 Nf6 5. Nc3 Bg4 6. Be2 Be7 7. h3 Be6 8. Qd2 h6 9. Bh4 0-0 10. 0-0-0 Re8 11. g4 Nh7 12. Bxe7 Qxe7 13. d4 Rad8 14. Nd5 Bxd5 15. exd5 Nxd4 16. Nxd4 exd4 17. Bd3 Nf6 18. h4 Nxg4 19. f3 Nf6 20. Rde1 Qd7 21. Rxe8+ Rxe8 22. Qg2 Qe7 23. b3 Rb8 24. Rg1 Nh5 25. Qg4 Qe5 26. Be4 Rc8 27. c4 d3 28. Bxd3 Qc3+ 29. Kd1 Qxd3+ 30. Ke1 Re8+ 31. Kf2 Qe2# 0-1